Statistics for All 3M Cities on the World Map

Click here to take the quiz!

General Stats

  • This quiz has been taken 21,064 times
  • The average score is 95 of 170

Answer Stats

City % Correct
London
96%
New York
96%
Los Angeles
96%
Paris
95%
Madrid
95%
Moscow
95%
Rome
94%
Mexico City
94%
Sydney
93%
Tokyo
93%
Berlin
93%
Miami
92%
San Francisco
91%
Chicago
91%
Rio de Janeiro
91%
Cairo
90%
Beijing
90%
Washington
89%
Barcelona
89%
Saint Petersburg
89%
Seattle
89%
Delhi
88%
Istanbul
88%
Manchester
87%
Buenos Aires
86%
Athens
86%
Dallas
86%
Boston
86%
Milan
86%
Houston
85%
Lima
85%
Cape Town
85%
Johannesburg
85%
Melbourne
84%
Mumbai
84%
Toronto
84%
Kiev
84%
Jakarta
83%
Shanghai
83%
Brasília
83%
Santiago
83%
Seoul
81%
São Paulo
81%
Ankara
81%
San Diego
81%
Dubai
80%
Bogotá
80%
Tehran
80%
Manila
80%
Baghdad
79%
Naples
79%
Detroit
79%
Bangkok
79%
Atlanta
78%
Phoenix
77%
Philadelphia
77%
Singapore
77%
Caracas
76%
Denver
76%
Orlando
75%
Hong Kong
75%
Algiers
74%
Alexandria
74%
Montréal
73%
Frankfurt
73%
Riyadh
73%
Osaka
72%
Rawalpindi
71%
Birmingham
71%
Lagos
71%
Nairobi
71%
Kuala Lumpur
70%
Casablanca
70%
Ho Chi Minh City
70%
Kolkata
68%
Guangzhou
68%
Hanoi
67%
Damascus
67%
Kabul
66%
Tampa
66%
Addis Ababa
66%
Kuwait City
66%
Minneapolis
65%
Dhaka
65%
Cologne
64%
Taipei
64%
Karachi
62%
Kinshasa
61%
Rotterdam
61%
Khartoum
59%
Dakar
59%
Amman
58%
Guatemala City
58%
Santo Domingo
56%
Cleveland
56%
Colombo
56%
Guadalajara
54%
Accra
54%
Chennai
52%
Luanda
52%
Dar es Salaam
52%
The Ruhr
51%
Medellín
51%
Lahore
50%
Bangalore
50%
Xi'an
47%
Monterrey
44%
Durban
44%
Kampala
44%
Belo Horizonte
44%
Hyderabad
43%
Busan
42%
Jeddah
39%
Yangon
38%
Tianjin
38%
Recife
37%
Nagoya
37%
Bamako
37%
Chengdu
36%
Yaoundé
36%
Wuhan
34%
Ahmedabad
34%
Abidjan
33%
Nanjing
33%
Salvador
32%
Xiamen
30%
Porto Alegre
30%
Fortaleza
29%
Chongqing
28%
Pune
27%
Ürümqi
27%
Harbin
27%
Guayaquil
26%
Chittagong
26%
Hangzhou
24%
Jaipur
24%
Kano
22%
Surabaya
22%
Curitiba
21%
Bandung
20%
Lucknow
19%
Shenyang
19%
Puebla
19%
Dalian
18%
Qingdao
18%
Surat
17%
Douala
16%
Mashhad
15%
Medan
15%
Kunming
14%
Zhengzhou
14%
Fuzhou
14%
Shantou
13%
Hefei
13%
Faisalabad
13%
Changsha
13%
Campinas
12%
Ibadan
12%
Nagpur
12%
Nanning
12%
Kanpur
11%
Wenzhou
11%
Changchun
10%
Jinan
10%
Wuxi
9%
Ningbo
9%
Shijiazhuang
8%
Taiyuan
8%
Nanchang
7%
Zibo
7%

Score Distribution

Percentile by Number Answered

Percent of People with Each Score

Your Score History

You have not taken this quiz